000 00723nam a2200229 4500
003 OSt
005 20240701023330.0
006 a
008 240701b |||||||| |||| 00| 0 eng d
020 _a9780123820204
040 _aDWCL-Main lib.
_cOC
082 _2Fifth edition
_aCirc. 005.756 D232 2011
110 _aToby Teorey
245 _aDatabase modelling and design: logical design /
250 _aFifth edition
260 _aAmsterdam:
_bElsevier/Morgan Kaufman,
_cc2011.
300 _axiv,
_b304 p. [28] p. : ill. ;
_c24 cm.
504 _aIncludes bibliographical references and index.
650 _a1. Relational databases.
650 _a2. Database design.
942 _2ddc
_n0
_cBK-CIRC
_eFifth edition
_kCirc.
999 _c1679
_d1679